| 000 | 00485nam a22001457a 4500 | ||
|---|---|---|---|
| 008 | 220728b |||||||| |||| 00| 0 eng d | ||
| 020 | _a0240515892 | ||
| 100 | _aHerbert, John | ||
| 245 |
_aJournalism in the Digital Age: _bTheory and Practice for Broadcast, Print and On-line Media/ _cJohn Herbert |
||
| 260 |
_aNew York _bRoutledge _c2000 |
||
| 300 | _axiv, 349p | ||
| 650 |
_aJournalism _vData Processing |
||
| 650 |
_aTelecommunication _vTechnological innovations |
||
| 942 |
_2lcc _cBK |
||
| 999 |
_c19414 _d19413 |
||